<?xml version="1.0" encoding="UTF-8"?>
<record
    xmlns:xsi="http://www.w3.org/2001/XMLSchema-instance"
    xsi:schemaLocation="http://www.loc.gov/MARC21/slim http://www.loc.gov/standards/marcxml/schema/MARC21slim.xsd"
    xmlns="http://www.loc.gov/MARC21/slim">

  <leader>01460nam a22002537a 4500</leader>
  <controlfield tag="003">Uzh_bibl</controlfield>
  <controlfield tag="008">260428b        |||||||| |||| 00| 0 ukr d</controlfield>
  <datafield tag="020" ind1=" " ind2=" ">
    <subfield code="a">978-617-589-168-1</subfield>
    <subfield code="c">45.00</subfield>
  </datafield>
  <datafield tag="040" ind1=" " ind2=" ">
    <subfield code="b">&#x443;&#x43A;&#x440;.</subfield>
  </datafield>
  <datafield tag="041" ind1=" " ind2=" ">
    <subfield code="2">ukr</subfield>
    <subfield code="a">ukr</subfield>
  </datafield>
  <datafield tag="080" ind1=" " ind2=" ">
    <subfield code="a">821(477)</subfield>
  </datafield>
  <datafield tag="090" ind1=" " ind2=" ">
    <subfield code="a">821(477)</subfield>
    <subfield code="b">&#x41B; 93</subfield>
  </datafield>
  <datafield tag="100" ind1=" " ind2=" ">
    <subfield code="a">&#x41B;&#x44E;&#x431;&#x430;&#x440;, &#x41C;&#x438;&#x445;&#x430;&#x439;&#x43B;&#x43E;</subfield>
  </datafield>
  <datafield tag="245" ind1=" " ind2=" ">
    <subfield code="a">&#x411;&#x430;&#x43D;&#x434;&#x430; &#x427;&#x43E;&#x440;&#x43D;&#x43E;&#x433;&#x443;&#x437;&#x430;</subfield>
    <subfield code="h">&#x422;&#x435;&#x43A;&#x441;&#x442;</subfield>
  </datafield>
  <datafield tag="260" ind1=" " ind2=" ">
    <subfield code="a">&#x423;&#x436;&#x433;&#x43E;&#x440;&#x43E;&#x434;</subfield>
    <subfield code="b">&#x422;&#x414;&#x412; "&#x41F;&#x430;&#x442;&#x435;&#x43D;&#x442;"</subfield>
    <subfield code="c">2019</subfield>
  </datafield>
  <datafield tag="300" ind1=" " ind2=" ">
    <subfield code="a">354 &#x441;. </subfield>
    <subfield code="f">&#x412; &#x43E;&#x43F;&#x440;.</subfield>
  </datafield>
  <datafield tag="520" ind1=" " ind2=" ">
    <subfield code="a">&#x423; &#x440;&#x43E;&#x43C;&#x430;&#x43D;&#x456; &#x43E;&#x43F;&#x438;&#x441;&#x430;&#x43D;&#x456; &#x431;&#x43E;&#x439;&#x43E;&#x432;&#x456; &#x43F;&#x43E;&#x434;&#x456;&#x457; &#x432;&#x456;&#x439;&#x441;&#x44C;&#x43A;&#x43E;&#x432;&#x43E;&#x457; &#x43E;&#x440;&#x433;&#x430;&#x43D;&#x456;&#x437;&#x430;&#x446;&#x456;&#x457; &#x443; &#x43F;&#x456;&#x441;&#x43B;&#x44F;&#x440;&#x435;&#x432;&#x43E;&#x43B;&#x44E;&#x446;&#x456;&#x439;&#x43D;&#x438;&#x439; &#x43F;&#x435;&#x440;&#x456;&#x43E;&#x434; &#x442;&#x430; &#x440;&#x43E;&#x43A;&#x438; &#x433;&#x440;&#x43E;&#x43C;&#x430;&#x434;&#x44F;&#x43D;&#x441;&#x44C;&#x43A;&#x43E;&#x457; &#x432;&#x456;&#x439;&#x43D;&#x438;, &#x431;&#x43E;&#x440;&#x43E;&#x442;&#x44C;&#x431;&#x430; &#x437; &#x431;&#x456;&#x43B;&#x44C;&#x448;&#x43E;&#x432;&#x438;&#x446;&#x44C;&#x43A;&#x43E;&#x44E; &#x432;&#x43B;&#x430;&#x434;&#x43E;&#x44E; &#x43C;&#x430;&#x439;&#x436;&#x435; &#x432; &#x43A;&#x43E;&#x436;&#x43D;&#x456;&#x439; &#x43E;&#x431;&#x43B;&#x430;&#x441;&#x442;&#x456; &#x423;&#x43A;&#x440;&#x430;&#x457;&#x43D;&#x438;. &#x41E;&#x447;&#x43E;&#x43B;&#x44E;&#x432;&#x430;&#x432; &#x446;&#x44E; &#x43E;&#x440;&#x433;&#x430;&#x43D;&#x456;&#x437;&#x430;&#x446;&#x456;&#x44E; &#x432; 1919-1930 &#x440;&#x43E;&#x43A;&#x430;&#x445; &#x437; &#x446;&#x435;&#x43D;&#x442;&#x440;&#x43E;&#x43C; &#x443;&#x43F;&#x440;&#x430;&#x432;&#x43B;&#x456;&#x43D;&#x43D;&#x44F; &#x43D;&#x430; &#x412;&#x456;&#x43D;&#x43D;&#x438;&#x447;&#x447;&#x438;&#x43D;&#x456; &#x412;&#x430;&#x434;&#x438;&#x43C; &#x427;&#x43E;&#x440;&#x43D;&#x43E;&#x433;&#x443;&#x437; &#x2013; &#x43E;&#x444;&#x456;&#x446;&#x435;&#x440; &#x420;&#x43E;&#x441;&#x456;&#x439;&#x441;&#x44C;&#x43A;&#x43E;&#x457; &#x456;&#x43C;&#x43F;&#x435;&#x440;&#x456;&#x457;.</subfield>
  </datafield>
  <datafield tag="521" ind1=" " ind2=" ">
    <subfield code="a">&#x414;&#x43B;&#x44F; &#x448;&#x438;&#x440;&#x43E;&#x43A;&#x43E;&#x433;&#x43E; &#x43A;&#x43E;&#x43B;&#x430; &#x447;&#x438;&#x442;&#x430;&#x447;&#x456;&#x432;</subfield>
  </datafield>
  <datafield tag="546" ind1=" " ind2=" ">
    <subfield code="a">&#x443;&#x43A;&#x440;.</subfield>
  </datafield>
  <datafield tag="650" ind1=" " ind2=" ">
    <subfield code="a">&#x41A;&#x440;&#x430;&#x454;&#x437;&#x43D;&#x430;&#x432;&#x447;&#x430; &#x43B;&#x456;&#x442;&#x435;&#x440;&#x430;&#x442;&#x443;&#x440;&#x430;</subfield>
    <subfield code="x">&#x41B;&#x456;&#x442;&#x435;&#x440;&#x430;&#x442;&#x443;&#x440;&#x43D;&#x43E; - &#x445;&#x443;&#x434;&#x43E;&#x436;&#x43D;&#x454; &#x432;&#x438;&#x434;&#x430;&#x43D;&#x43D;&#x44F;</subfield>
  </datafield>
  <datafield tag="653" ind1=" " ind2=" ">
    <subfield code="a">&#x412;&#x430;&#x434;&#x438;&#x43C; &#x427;&#x43E;&#x440;&#x43D;&#x43E;&#x433;&#x443;&#x437;</subfield>
    <subfield code="a">&#x411;&#x43E;&#x440;&#x43E;&#x442;&#x44C;&#x431;&#x430; &#x437; &#x431;&#x456;&#x43B;&#x44C;&#x448;&#x43E;&#x432;&#x438;&#x446;&#x44C;&#x43A;&#x43E;&#x44E; &#x432;&#x43B;&#x430;&#x434;&#x43E;&#x44E;</subfield>
  </datafield>
  <datafield tag="655" ind1=" " ind2=" ">
    <subfield code="a">&#x406;&#x441;&#x442;&#x43E;&#x440;&#x438;&#x447;&#x43D;&#x430; &#x43B;&#x456;&#x442;&#x435;&#x440;&#x430;&#x442;&#x443;&#x440;&#x430;</subfield>
    <subfield code="v">&#x420;&#x43E;&#x43C;&#x430;&#x43D;</subfield>
    <subfield code="y">1919-1930 &#x440;.&#x440;.</subfield>
    <subfield code="z">&#x423;&#x43A;&#x440;&#x430;&#x457;&#x43D;&#x430;</subfield>
  </datafield>
  <datafield tag="942" ind1=" " ind2=" ">
    <subfield code="2">udc</subfield>
    <subfield code="c">BK</subfield>
  </datafield>
  <datafield tag="999" ind1=" " ind2=" ">
    <subfield code="c">17539</subfield>
    <subfield code="d">17539</subfield>
  </datafield>
  <datafield tag="952" ind1=" " ind2=" ">
    <subfield code="0">0</subfield>
    <subfield code="1">0</subfield>
    <subfield code="2">udc</subfield>
    <subfield code="4">0</subfield>
    <subfield code="7">0</subfield>
    <subfield code="a">F5</subfield>
    <subfield code="b">F5</subfield>
    <subfield code="c">ABP</subfield>
    <subfield code="d">2026-04-28</subfield>
    <subfield code="i">71548</subfield>
    <subfield code="l">0</subfield>
    <subfield code="o">821(477)</subfield>
    <subfield code="p">4169</subfield>
    <subfield code="r">2026-04-28</subfield>
    <subfield code="w">2026-04-28</subfield>
    <subfield code="y">BK</subfield>
  </datafield>
</record>
